Statistics for flags that are only red and white

Click here to take the quiz!

General Stats

  • This quiz has been taken 21 times
  • The average score is 8 of 16

Answers on the Map

Answers color-coded by a green-red scale on the quiz's map according to % correct below.
 

Answer Stats

Answer% Correct
poland
95%
indonesia
85%
japan
75%
monaco
75%
canada
65%
austria
50%
denmark
45%
latvia
40%
peru
40%
switzerland
40%
turkey
40%
singapore
35%
tunisia
35%
georgia
30%
bahrain
25%
tonga
10%

Score Distribution

Percentile by Number Answered

Percent of People with Each Score

Your Score History

You have not taken this quiz